Borders of Iran-The Content Update-The Times Lefting - Statistics

General Stats
  • This quiz has been taken 14 times
  • The average score is 6 of 7
Answer Stats
Km Country % Correct
936 Afghanistan
100%
1458 Iraq
100%
35 Armenia
92%
432 Azerbaijan
92%
992 Turkmenistan
92%
909 Pakistan
83%
499 Turkey
75%
No matching quizzes found
Score Distribution
Percent of People with Each Score
Percentile by Number Answered
Your Score History
You have not taken this quiz